000 00456nam a22001697a 4500
005 20240724091101.0
008 240724b |||||||| |||| 00| 0 eng d
020 _a9788120340770
082 _a543
_bDAS-A
100 _aDash Dhruba Charan
245 _aAnalytical Chemistry /
_cDhruba Charan Dash
260 _aindia :
_bPHI ;
_c2011
300 _axvi,581p.
_bill;
_c24 cm.
500 _ainclude index .
650 _aMedical / Chemistry
999 _c36199
_d36199